00319nam a2200133Ia 4500008004100000020001500041041001200056082001100068100001200079245003100091260003900122300000800161650001600169221030s9999 xx 000 0 und d a8129710900 aEnglish a105.23 aW. Wolf 0aFPGA - Based System Design bPearson EdcuationaNew Delhic2005 a538 aBE Computer